F1 General knowledge - Statistics

General Stats
  • This quiz has been taken 539 times
  • The average score is 6 of 11
Answer Stats
Hint Answer % Correct
At the last race of the 2010 F1 season how many drivers could mathematically win the world drivers title? 4
90%
How many world driver titles did Rubens Barrichello win? 0
89%
How many cars finished the 1995 monaco Grand prix? 3
86%
Which racing circuit has been used at evry F1 season since 1950? Monza
75%
How many wins did the legendary Michael Schumacher get in his career? 91
73%
What was Jenson Button's first Formula one team? Williams
47%
Who won the 2010 Austrailian Grand Prix? Jenson Button
41%
Who was the first British Formula 1 champion? Mike Hawthorn
39%
At which race and year did Mark Webber win his first race? Germany 2009
25%
Who won the 1995 monaco Grand Prix? Olivier Panis
24%
What was the name of Jenson Button's 2009 world drivers cahampionship car? BGP001
13%
No matching quizzes found
Score Distribution
Percent of People with Each Score
Percentile by Number Answered
Your Score History
You have not taken this quiz